The metallurgy of zirconium.

Bibliographic Details
Main Author: Lustman, Benjamin
Other Authors: Kerze, Frank
Format: Book
Language:English
Published: New York : McGraw-Hill, 1955.
Edition:1st ed.
Series:National nuclear energy series. Manhattan Project technical section. Materials Procurement Project ; v. 4.
Subjects:

MARC

Tag First Indicator Second Indicator Subfields
LEADER 00000cam a2200000 4500
001 in00000095370
005 20150927150104.0
008 730302s1955 eng u
010 |a  55011178  
035 |a (OCoLC)00567807 
035 |9 AAL7253AM 
040 |c WSU  |d TXA  |d UtOrBLW 
049 |a TXAM  |c 1 [272446]  |c 2 [377739] 
090 |a TN799.Z5  |b L8 
100 1 |a Lustman, Benjamin. 
245 1 4 |a The metallurgy of zirconium. 
250 |a 1st ed. 
264 1 |a New York :  |b McGraw-Hill,  |c 1955. 
300 |a 776 pages 
336 |a text  |b txt  |2 rdacontent 
337 |a unmediated  |b n  |2 rdamedia 
338 |a volume  |b nc  |2 rdacarrier 
490 1 |a National nuclear energy series. Division VII, v. 4 
504 |a Includes bibliographies. 
650 0 |a Zirconium  |x Metallurgy. 
700 1 |a Kerze, Frank. 
830 0 |a National nuclear energy series.  |p Manhattan Project technical section.  |n Division VII.  |p Materials Procurement Project ;  |v v. 4. 
999 |a MARS 
999 f f |s ba52b34f-b8f6-30c3-a44b-37e6d2565c77  |i 857eafb3-2723-3971-9584-d8ed24270404  |t 0 
952 f f |p normal  |a Texas A&M University  |b College Station  |c Sterling C. Evans Library  |d Evans: Library Stacks  |t 0  |e TN799.Z5 L8  |h Library of Congress classification  |i unmediated -- volume  |m A14805583725 
952 f f |p normal  |a Texas A&M University  |b College Station  |c Sterling C. Evans Library  |d Evans: Library Stacks  |t 0  |e TN799.Z5 L8  |h Library of Congress classification  |i unmediated -- volume  |m A14805583717 
998 f f |a TN799.Z5 L8  |t 0  |l Evans: Library Stacks 
998 f f |a TN799.Z5 L8  |t 0  |l Evans: Library Stacks